[Event "Invitation"]
[Site "http://www.queenalice.com/game.php?id=122093"]
[Date "2006.10.26"]
[Round "-"]
[White "RCB"]
[Black "pizarro"]
[Result "1-0"]
[WhiteElo "1459"]
[BlackElo "1382"]

1. d3 d5 2. Nf3 Nc6 3. Bd2 e5 4. Nc3 Bg4 5. h3 Bh5 6. g4 Bg6 7. h4 f6 8. h5 Bf7
9. g5 Qe7 10. Rh4 O-O-O 11. Bh3+ Be6 12. Nb5 Qc5 13. Bxe6+ Kb8 14. c4 Nge7 15.
Be3 Qb4+ 16. Qd2 a6 17. cxd5 Nxd5 18. Rxb4 Bxb4 19. Nc3 Rhe8 20. Bf5 h6 21. Qc2
hxg5 22. Kf1 Rh8 23. Kg2 Rxh5 24. Rh1 Rdh8 25. Rxh5 Rxh5 26. Nxd5 g4 27. Nd4
exd4 28. Bxd4 Rxf5 29. Be3 Rxd5 30. Qc4 Rd8 31. a3 b5 32. Qxc6 Bd6 33. Qxa6 c6
34. Qa7+ Kc8 35. Bb6 Rd7 36. Qa8+ Bb8 37. Qxc6+ 1-0

[Event "AUTO-BEG-110"]
[Site "http://www.queenalice.com/game.php?id=226592"]
[Date "2007.6.17"]
[Round "1"]
[White "lunga"]
[Black "RCB"]
[Result "0-1"]
[WhiteElo "1143"]
[BlackElo "1408"]

1. e3 e5 2. h4 Nc6 3. Nc3 Qf6 4. Nd5 Qd6 5. e4 f5 6. c4 fxe4 7. a4 b6 8. b3 Ba6
9. Ba3 Qh6 10. Nxc7+ Kf7 11. Nxa8 Bxa3 12. Rxa3 Qd6 13. Rh3 Qxa3 14. Qh5+ g6 15.
Qd1 Nf6 16. Nc7 Bb7 17. Nb5 Qc5 18. Nc7 Ng4 19. Qxg4 Nd4 20. Qxd7+ Qe7 21. Qxe7+
Kxe7 22. h5 g5 23. h6 a6 24. g3 Nxb3 25. Rh5 Rg8 26. Ke2 Kd7 27. Nd5 Kc6 28.
Nb4+ Kc5 29. Nc2 Kxc4 30. Kd1+ Kd5 31. Nb4+ Kc5 32. Na2 Rd8 33. Kc2 Nxd2 34. Be2
Nc4 35. Rxg5 Rd2+ 36. Kb1 Na3+ 37. Ka1 Bd5 38. Nc1 Nc2+ 39. Kb2 Nb4+ 40. Kc3
Rc2# 0-1

[Event "AUTO-BEG-110"]
[Site "http://www.queenalice.com/game.php?id=226593"]
[Date "2007.6.17"]
[Round "1"]
[White "RCB"]
[Black "lunga"]
[Result "1-0"]
[WhiteElo "1284"]
[BlackElo "1140"]

1. d4 d5 2. Nc3 e6 3. Nf3 Nc6 4. e4 Bb4 5. a3 Ba5 6. b4 Bb6 7. exd5 exd5 8. Bg5
f6 9. Bh4 h5 10. Qe2+ Nce7 11. O-O-O Bxd4 12. Nxd4 a5 13. Nxd5 Qxd5 14. Nb5 Qa2
15. Nxc7+ Kf7 16. Qb5 Bg4 17. Bc4+ Kg6 18. Bxa2 Rc8 19. Qd3+ Kh6 20. Bf7 f5 21.
Qe3+ f4 22. Qxf4+ Kh7 23. h3 Ng6 24. Qg5 Nxh4 25. Qxh4 Nh6 26. hxg4 Rxc7 27. Bb3
axb4 28. Rd8 Nf7 29. Bxf7 Rxf7 30. Qxh5# 1-0

[Event "AUTO-BEG-110"]
[Site "http://www.queenalice.com/game.php?id=226600"]
[Date "2007.6.17"]
[Round "1"]
[White "RCB"]
[Black "crazyking"]
[Result "1-0"]
[WhiteElo "1430"]
[BlackElo "1231"]

1. d4 d5 2. Nc3 Nc6 3. Qd3 e5 4. dxe5 Nxe5 5. Qxd5 Qxd5 6. Nxd5 Bd6 7. Nf3 Nxf3+
8. gxf3 Nf6 9. c4 Nxd5 10. cxd5 b6 11. Bg5 h6 12. Bh4 O-O 13. O-O-O Bf4+ 14. e3
Bd6 15. Rd4 Re8 16. h3 c5 17. dxc6 Rd8 18. Bxd8 Bf5 19. Rxd6 1-0

[Event "AUTO-BEG-110"]
[Site "http://www.queenalice.com/game.php?id=226601"]
[Date "2007.6.17"]
[Round "1"]
[White "crazyking"]
[Black "RCB"]
[Result "0-1"]
[WhiteElo "1245"]
[BlackElo "1348"]

1. e4 Nf6 2. Nc3 e5 3. d4 Nc6 4. dxe5 Nxe5 5. Nf3 Qe7 6. Nxe5 Qxe5 7. Bd3 d5 8.
Qf3 Bg4 9. Qe3 d4 10. Qd2 Bb4 11. f4 Qc5 12. a3 dxc3 13. bxc3 Bxc3 0-1

[Event "AUTO-BEG-110"]
[Site "http://www.queenalice.com/game.php?id=275386"]
[Date "2007.9.22"]
[Round "2"]
[White "stephanie"]
[Black "RCB"]
[Result "1-0"]
[WhiteElo "1538"]
[BlackElo "1517"]

1. d4 Nc6 2. d5 Ne5 3. f4 Nc4 4. e4 Na5 5. b4 c5 6. bxa5 Qxa5+ 7. Bd2 Qb6 8. Nc3
d6 9. Bb5+ Kd8 10. Nf3 Bg4 11. O-O Nf6 12. Rb1 e5 13. fxe5 dxe5 14. Qe2 Rc8 15.
Bd7 Qa6 16. Bxc8 Kxc8 17. Qxa6 bxa6 18. Nxe5 Bh5 19. Nc6 Bd6 20. e5 Bc7 21. exf6
gxf6 22. Rxf6 Rg8 23. Ne7+ Kd8 24. Nxg8 Be5 25. Rf5 Bd4+ 26. Kf1 1-0

[Event "AUTO-BEG-110"]
[Site "http://www.queenalice.com/game.php?id=275387"]
[Date "2007.9.22"]
[Round "2"]
[White "RCB"]
[Black "stephanie"]
[Result "0-1"]
[WhiteElo "1545"]
[BlackElo "1521"]

1. e4 d5 2. d3 e5 3. Qh5 Nc6 4. Nf3 Nf6 5. Qh4 Be7 6. Qg5 Nxe4 7. Qxg7 Bf6 8.
Qh6 Nd6 9. d4 exd4 10. Bd3 Qe7+ 11. Kd1 Bg4 12. h3 Be6 13. Re1 O-O-O 14. Bg5
Bxg5 15. Qxg5 Rhg8 16. Qh6 Rxg2 17. Qxh7 Qf6 18. Nbd2 Rh8 19. Qxh8+ Qxh8 20. h4
Rxf2 21. b3 Nb4 22. Bf1 d3 23. c3 Qxc3 24. Rc1 Qb2 0-1

[Event "AUTO-BEG-110"]
[Site "http://www.queenalice.com/game.php?id=275390"]
[Date "2007.9.22"]
[Round "2"]
[White "vininb"]
[Black "RCB"]
[Result "1-0"]
[WhiteElo "1899"]
[BlackElo "1560"]

1. e4 Nf6 2. e5 Nd5 3. d4 d6 4. c4 dxe5 5. cxd5 Qxd5 6. Nc3 Qa5 7. Nf3 Nc6 8.
Bb5 a6 9. Bxc6+ bxc6 10. Nxe5 Bf5 11. Nxc6 Qb6 12. Qf3 e6 13. Ne5 Qxd4 14. Qxa8+
Qd8 15. Qc6+ Ke7 16. Qxa6 Kf6 17. Bf4 Qd4 18. Qc4 c5 19. Qxd4 cxd4 20. Nb5 Bb4+
21. Kd1 g5 22. Nd7+ Kg6 23. Bd2 Be7 24. Nxd4 Bg4+ 25. f3 Bh5 26. g4 Bxg4 27.
fxg4 Rd8 28. Ne5+ Kf6 29. Ndc6 Bb4 30. Nxd8 Bd6 31. Bxg5+ Kxg5 32. Nexf7+ Kg6
33. Nxd6 Kg5 34. Rf1 Kxg4 35. Nxe6 h5 36. Rc1 h4 37. Rc4+ Kh5 38. Rg1 h3 39. Rg3
Kh6 40. Rh4# 1-0

[Event "AUTO-BEG-110"]
[Site "http://www.queenalice.com/game.php?id=275391"]
[Date "2007.9.22"]
[Round "2"]
[White "RCB"]
[Black "vininb"]
[Result "0-1"]
[WhiteElo "1554"]
[BlackElo "1861"]

1. e4 e5 2. d4 exd4 3. Qxd4 Nc6 4. Qd5 Nf6 5. Qc4 d5 6. exd5 Qxd5 7. Nc3 Qf5 8.
Bd3 Be6 9. Bf4 Bxc4 10. Bxf5 Nd4 11. b3 Bb4 12. bxc4 Bxc3+ 13. Kf1 Bxa1 14. Bd3
O-O-O 15. Nf3 Ng4 16. h3 Nxf3 17. Bf5+ Kb8 18. gxf3 Rd1+ 19. Kg2 Rxh1 20. Kxh1
Nf6 21. h4 Bd4 22. Kg2 Re8 23. Bg3 g6 24. Bd3 Nh5 25. Bh2 Bf6 26. Kh3 Be5 27.
Bg1 Nf4+ 28. Kh2 Nxd3+ 29. Kg2 Nf4+ 30. Kf1 Nh3 31. f4 Nxf4 32. f3 Bc3 33. Bh2
Re3 34. Bxf4 Rxf3+ 35. Ke2 Rxf4 36. Kd3 Bg7 37. Ke3 Rxc4 38. Kd3 Rxh4 39. c4
Rh3+ 40. Kc2 Re3 41. Kd2 Bd4 42. c5 h5 43. c6 h4 44. cxb7 h3 45. a4 h2 0-1

[Event "Challenge"]
[Site "http://www.queenalice.com/game.php?id=286237"]
[Date "2007.10.14"]
[Round "-"]
[White "RCB"]
[Black "technicaldraw"]
[Result "0-1"]
[WhiteElo "1546"]
[BlackElo "1938"]

1. e4 e6 2. Nf3 d5 3. e5 c5 4. d4 Nc6 5. g3 cxd4 6. Nxd4 Nxe5 7. c3 Nf6 8. Qa4+
Bd7 9. Qb3 Bc6 10. Nxc6 bxc6 11. Bf4 Ng6 12. Be3 Qc7 13. c4 Rb8 14. Qc3 Bb4 15.
Nd2 Bxc3 16. bxc3 O-O 17. Bd3 Rfd8 18. Ke2 Ne4 19. Nf3 Nxc3+ 20. Kd2 dxc4 21.
Kxc3 Rxd3+ 22. Kxc4 Rxe3 23. fxe3 Ne5+ 24. Nxe5 Qxe5 25. Rad1 Qb5+ 26. Kc3 Qb4+
27. Kc2 Qb2+ 28. Kd3 Rd8+ 29. Ke4 Qg2+ 30. Kf4 Rxd1 31. Rxd1 g5+ 32. Kxg5 Qxh2
33. g4 h6+ 34. Kf6 Qf2+ 0-1

[Event "Challenge"]
[Site "http://www.queenalice.com/game.php?id=288721"]
[Date "2007.10.18"]
[Round "-"]
[White "technicaldraw"]
[Black "RCB"]
[Result "1-0"]
[WhiteElo "1940"]
[BlackElo "1546"]

1. e4 Nf6 2. Nc3 e5 3. g3 Bc5 4. Bg2 O-O 5. Nge2 Ng4 6. O-O f5 7. d4 Nc6 8. dxc5
fxe4 9. Nxe4 d5 10. cxd6 Bf5 11. N2c3 Nd4 12. dxc7 Qxc7 13. h3 Nf6 14. Nxf6+
Rxf6 15. Nd5 Qxc2 16. Nxf6+ gxf6 17. Qxc2 Nxc2 18. Be3 Nxa1 19. Rxa1 a5 20. Bxb7
Rb8 21. Bd5+ Kg7 22. b3 Bxh3 23. Rc1 h5 24. Kh2 Bg4 25. Rc7+ Kf8 26. Rf7+ Ke8
27. Rxf6 Rd8 28. Bc6+ Ke7 29. Bg5 Rd6 30. Rh6+ 1-0

[Event "Challenge"]
[Site "http://www.queenalice.com/game.php?id=369747"]
[Date "2008.3.12"]
[Round "-"]
[White "Drica"]
[Black "RCB"]
[Result "0-1"]
[WhiteElo "1694"]
[BlackElo "1453"]

1. e4 e5 2. Bc4 Nf6 3. Qf3 Bc5 4. g4 O-O 5. Nh3 d6 6. b3 Bxg4 7. Qg3 Qd7 8. Rg1
g6 9. Ng5 Nc6 10. Ba3 Nb4 11. Qc3 a5 12. Ne6 fxe6 13. Qg3 Nxc2+ 14. Kf1 Bxa3 15.
Nxa3 Nxa1 16. Nb5 Qc6 17. h3 d5 18. Qxe5 Bxh3+ 19. Ke2 dxc4 20. Nxc7 Rac8 21.
Qxa1 Qxe4+ 22. Kd1 Rxc7 23. Qc3 Qb1+ 24. Qc1 Qxa2 25. Rh1 Bg4+ 26. Ke1 cxb3 27.
Qxc7 Qb1+ 0-1